000 00446nam a2200157 a 4500
001 000033862
005 20200930070559.0
008 110913s2001 br 000 0 spa d
020 _a0738700657
100 1 _aSilva, Carolina da
_959283
245 1 0 _aSólo prenda una vela /
_cCarolina da Silva.
246 1 4 _aMagia, leyendas y tradiciones
260 _cSt. Paul, Minn :
_bLlewellyn Español.
300 _a179 p. ;
_c21 cm.
999 _c33353
_d33353
040 _aDO-SdBNP